1696 1377 1880 1893 1174 1343 1491 1142 1803 1447 1466 1202 1035 1210 1664 1266 1277 1774 1085 1990 1106 1309 1971 1336 1267 1896 1151 1873 1252 1622 1145 1276 1531 1579 1715 1877 1902 1418 1638 1646 1537 1638 1639 1876 1594 1808 1384 1162 1132 1532 1310 1668 1595 1084 1840 1138 1271 1064 1287 1803 1437 1622 1694 1736 1526 1674 1677 1048 1427 1506 1863 1643 1420 1044 1648 1589 1457 1906 1995 1978 1910 1357 1994 1859 1539 1688 1008 1536 1038 1136 1427 1771 1936 1034 1317 1451 1664 1814 1214 BCNSPRNW ULIB Ver.6.0+V

เปลี่ยนเป็นภาษาไทย

Change to English
 แสดงรายละเอียดบรรณานุกรม
  กลับหน้าหลัก

Brief Record : Get Marc (ISO 2709) : E-mail record : QR code < ปิดหน้าต่าง
LEADER : 00000nam 2200000uu 4500
001    13399113276
003     ULIB
008    111005s2552||||th 000 0 tha d
020    9786165120265
050 04 TT873.2^bอ462บ 2552
100 0  อุมาวดี ทรัพย์สิน
245 10 บายศรีเครื่องบวงสรวงแบบโบราณ /^cอุมาวดี ทรัพย์สิน
250    พิมพ์ครั้งที่ 1
260    กรุงเทพฯ :^bวาดศิลป์,^c2552
300    64 หน้า :^bภาพประกอบ
650  7 การประดิษฐ์ด้วยใบตอง
650  7 บายศรี
945    ^p160^l0^i027689
995    ทศพร
999 ^a ทศพร
รายการนี้ยังไม่มีแท็ก
คุณยังไม่ได้ล็อกอิน คุณสามารถมีกิจกรรมร่วมกับเว็บไซต์ได้ แต่ต้องล็อกอินก่อน ::
  ล็อกอิน

รายการสื่อสารสนเทศ

ลำดับที่ ประเภท เลขเรียก/บาร์โค้ด สถานที่ สถานะ
- ไม่พบข้อมูล -

รายการใกล้เคียง
    ผู้แต่ง [อุมาวดี ทรัพย์สิน]

    หัวเรื่อง [การประดิษฐ์ด้วยใบตอง]
    หัวเรื่อง [บายศรี]

BibComment


ยังไม่เคยถูกคอมเมนท์

คอมเมนท์ทรัพยากรรายการนี้
  คอมเมนท์: บายศรีเครื่องบวงส..


 Copyright 2026. Bcnsprnw @Library